000 00581nam a2200229Ia 4500
003 OSt
005 20220918185141.0
006 a|||||r|||| 00| 0
007 ta
008 220917b |||||||| |||| 00| 0 eng d
024 _a49,888
037 _cTextual
040 _aARTS
_cARTS
_beng
041 _2eng
_aeng
082 _aP:795, J7 (TPHT);1-;2
100 _aSavory Theodore
_968040
245 0 _aArt of translation
260 _c1957
650 _aLINGUISTICS
942 _hP:795, J7 (TPHT);1-;2
_cTEXL
_2CC
999 _c179488
_d179488